| 000 | 01293cam a2200277 i 4500 | ||
|---|---|---|---|
| 003 | SA-RiAUC | ||
| 005 | 20250326135409.0 | ||
| 008 | 250320s1986 le g 000r0 ara c | ||
| 040 |
_aSA-JeALM _bara _cSA-RiAUC _erda |
||
| 082 | 0 | 4 | _a237.3 |
| 090 |
_a237.3 _bش ي ب |
||
| 100 | 1 |
_aالشيباني، محمد بن الحسن، _d131-189 هجري _eمؤلف. |
|
| 245 | 1 | 2 |
_aالاكتساب في الرزق المستطاب / _cتأليف محمد بن الحسن بن فرقد الشيباني ؛ تلخيص محمد بن سماعة بن عبد الله بن سماعة ؛ تحقيق محمود عرنوس. |
| 250 | _aالطبعة الأولى. | ||
| 264 | 1 |
_aبيروت : _bدار الكتب العلمية، _c1986 |
|
| 300 |
_a88 صفحة ؛ _c24 سم |
||
| 336 |
_aنص _btxt _2rdacontent _3كتاب |
||
| 337 |
_aبدون وسيط _bn _2rdamedia |
||
| 338 |
_aمجلد _bnc _2rdacarrier |
||
| 650 | 7 |
_aالحلال والحرام _2aucsh |
|
| 650 | 7 |
_aالحديث _xجوامع الفنون _2aucsh |
|
| 700 | 1 |
_aابن سماعة، محمد بن سماعة بن عبد الله، _d130-233 هجري _eملخص. |
|
| 700 | 1 |
_aمحمود عرنوس، محمود بن محمد عرنوس، _dتوفي 1955 _eمحقق. |
|
| 942 |
_2ddc _cBOOK _n0 |
||
| 949 |
_aSA-JeALM _d250320 _uosman123 _n1 |
||
| 999 |
_c6660 _d6660 |
||